Bilecik Bilecik Bilecik Bilecik Bilecik

Kitabu 'ilmi'l-musiki 'ala vechi'l-hurufat = (Record no. 6362)

MARC details
000 -BAŞLIK
Sabit Uzunluktaki Kontrol Alanı 01274nam a22003377a 4500
001 - KONTROL NUMARASI
Control Dosyası 0006381
003 - KONTROL NUMARASI KİMLİĞİ
Kontrol Alanı KOHA_MİRAKIL
005 - EN SON İŞLEM TARİHİ ve ZAMANI
Kontrol Alanı 20260207001522.0
007 - FİZİKSEL TANIM SABİT ALAN - GENEL BİLGİ
Sabit uzunluklu kontrol alanı ta
008 - SABİT UZUNLUKTAKİ VERİ ÖGELERİ - GENEL BİLGİ
Sabit Alan 090707b2001 tu |||gr||||#||||0|tur |
020 ## - ISBN - ULUSLARARASI STANDART KİTAP NUMARASI
Isbn 9750801679
Nitelik bilgileri (tk.)
040 ## - KATALOGLAMA KAYNAĞI
Özgün Kataloglama Kurumu TR-BiSEU
Kataloglama Dili tur
Çeviri Kurumu TR-BiSEU
Açıklama Kuralları rda
041 0# - DİL KODU
Metin ya da ses kaydının dil kodu tur
044 ## - YAYINLAYAN/ÜRETEN KURULUŞUN ÜLKE KODU
ISO country code tu
050 ## - SINIFLAMA ve YER NUMARASI
Sınıflama Numarası ML198
Yer Numarası .K364 2001
100 0# - KİŞİ ADI
Yazar Adı (Kişi adı) Kantemiroğlu.
240 10 - TEK BİÇİM BAŞLIK
Tekbiçim Başlık <a href="Musikiyi harflerle tesbit ve icrâ ilminin kitabı">Musikiyi harflerle tesbit ve icrâ ilminin kitabı</a>
Language of a work Türkçe
245 1# - ESER ADI BİLDİRİMİ
Başlık Kitabu 'ilmi'l-musiki 'ala vechi'l-hurufat =
Alt Eseradı vb. Musikiyi harflerle tesbit ve icrâ ilminin kitabı/
Sorumluluk Bildirimi Kantemiroğlu ; Kantemiroğlu; hazırlayan Yalçın Tura.
264 #1 - ÜRERİM, YAYIN, DAĞITIM ve TELİF BİLDİRİMİ
Yayın yeri İstanbul :
Yayınlayan Yapı Kredi Yayınları
Yayın tarihi 2001
300 ## - FİZİKSEL TANIMLAMA
Sayfa, Cilt vb. 2 c.: nota, resim, tıpkıbasım
336 ## - İÇERİK TÜRÜ
Content type term metin
Content type code txt
Source rdacontent
337 ## - MEDYA TÜRÜ
Media type term aracısız
Media type code n
Source rdamedia
338 ## - TAŞIYICI TÜRÜ
Carrier type term cilt
Carrier type code nc
Source rdacarrier
490 1# - DİZİ BİLDİRİMİ
Dizi Bildirimi Yapı Kredi yayınları ;
Cilt Numarası 1500.
500 ## - GENEL NOT
Genel Not Kaynakça ve dizin var.
500 ## - GENEL NOT
Genel Not c. 1. İnceleme-edvâr (tıpkıbasım-çeviri yazı-çeviri-notlar) -- c. 2. Notlar (tıpkıbasım-çeviri-notlar)
650 #0 - KONU BAŞLIĞI EK GİRİŞ - KONU TERİMİ
Konusal terim veya coğrafi ad Kantemir, Dimitri, 1673-1723.
9 (RLIN) 15917
650 #0 - KONU BAŞLIĞI EK GİRİŞ - KONU TERİMİ
Konusal terim veya coğrafi ad Müzik--Türkiye--Tarih ve eleştiri.
9 (RLIN) 15918
830 1# - SERİ EK GİRİŞİ - TEKBİÇİM ESER ADI
Tekbiçim Başlık Yapı Kredi yayınları ;
Volume number/sequential designation 1500.
9 (RLIN) 6222
942 ## - EK GİRİŞ ÖGELERİ (KOHA)
Source of classification or shelving scheme Library of Congress Classification
Koha item type Book
Holdings
Materyal Türü Kalıcı Konum Mevcut Konum Raf Yeri Sınıflandırma Kaynağı Edinim Bilgisi Ana Konular Alt Konular Yer Numarası Cilt Bilgisi Demirbaş Numarası Fatura Tarihi Maliyet, Alış Fiyatı Maliyet, Yenileme Fiyatı Geri Çekilme Durumu Kayıp Durumu Hasarlı Durumu Kredi için değil Kayıt Tarih Toplam Ödünçverme Son Görülme Tarihi Son Kontrol Tarihi Genel / Bağış Notu
Book Prof. Dr. Azmi Özcan Kütüphanesi Prof. Dr. Azmi Özcan Kütüphanesi Uluğbey Salonu Library of Congress Classification Bağış MÜZİK Müzik Edebiyatı ML198 .K364 2001 c.1 0006381 13/08/2010 10.00 10.00         06/07/2009   05/12/2024 05/12/2024 Genel Bağış
Book Prof. Dr. Azmi Özcan Kütüphanesi Prof. Dr. Azmi Özcan Kütüphanesi Uluğbey Salonu Library of Congress Classification Bağış MÜZİK Müzik Edebiyatı ML198 .K364 2001 c.2 0006382 13/08/2010 10.00 10.00         07/07/2009   05/12/2024 05/12/2024 Genel Bağış